Curricula in der Schule
| Titel: | Curricula in der Schule / Wolfgang Mitter (Hrsg.) |
|---|---|
| Teil: | 2. Polen, Tschechische Republik / Heliodor Muszyński ; Elis̆ka Walterová |
| Beteiligt: | ; |
| Veröffentlicht: | Köln [u.a.] : Böhlau, 1995 |
| Umfang: | IX, 274 S. : graph. Darst. |
| Format: | Buch |
| Sprache: | Deutsch |
| Schriftenreihe/ mehrbändiges Werk: |
Curricula in der Schule / Wolfgang Mitter (Hrsg.) ; 2 alle Bände anzeigen
Studien und Dokumentationen zur vergleichenden Bildungsforschung ; 58,2 |
| RVK-Notation: |
·
·
·
|
| ISBN: | 3412136948 |
| Hinweise zum Inhalt: |
Inhaltsverzeichnis
|
alg: 4003328
001A $00030:27-10-95
001B $01999:09-05-21 $t20:38:48.000
001C $03032:23-05-14 $t07:48:57.000
001D $09999:99-99-99
001U $0utf8
001X $00
002@ $0Afu
003@ $0040033287
003O $0612966052 $aOCoLC
004A $03-412-13694-8
007A $0040033287 $aHEB
007G $0DE0043194B9C854783908C12577F30062EDC6
007T $0Herd11354
009P $qapplication/pdf $A2 $3Inhaltsverzeichnis $uhttp://scans.hebis.de/HEBCGI/show.pl?04003328_toc.pdf $mV:DE-603;B:DE-17
010@ $ager
011@ $a1995
013H $0z
015@ $00
021A $aPolen, Tschechische Republik $hHeliodor Muszyński ; Elis̆ka Walterová
028C $7 $8Muszyński, Heliodor [Tnd] $9138815275
028C/01 $7 $8Walterová, Eliška [Tnd] $9148221440
033A $pKöln {[u.a.] $nBöhlau
034D $aIX, 274 S.
034M $agraph. Darst.
036C $aCurricula in der Schule $x12 $hWolfgang Mitter (Hrsg.) $l2
036D $x12 $8Curricula in der Schule / Wolfgang Mitter (Hrsg.) $9029713994
036E $aStudien und Dokumentationen zur vergleichenden Bildungsforschung $l58,2
036F $x258 2 $8Studien und Dokumentationen zur vergleichenden Bildungsforschung $9009797181 $l58,2
039U $8--Aox--Steier-Jordan, Sonja. Curricula in der Schule ; 2 . - Köln {[u.a.] : Böhlau. - 1995 [Rezension], 1998 $9394728335
044N $aLehrplan, Schule, Geruch, Kommission, Teamarbeit
045F $a370.94371 $eDDC23BSB
045F/01 $a370.9
045F/03 $g4371
045Z $8DP 1400 [Tkv] $9407700803
045Z $8DP 1409 [Tkv] $9407700897
045Z $8DV 2640 [Tkv] $9407720618
045Z $8DV 2830 [Tkv] $9407720995
046M $aLiteraturverz. S. 261 - 265
lok: 4003328 3
101B $023-04-10 $t16:28:25.000
101C $027-10-95
101U $0utf8
145S/01 $a005
145Z/01 $a252 Kb 0092
exp: 4003328 3 1 #EPN
201B/01 $013-12-02 $t15:35:37.940
201C/01 $027-10-95
203@/01 $0090088336
208@/01 $a27-10-95 $bzAa
209A/01 $a85.466.70 Bd. 2 $du $f000 $h85 466 70 / B 2 $x00
209G/01 $a64482505 $x00
247C/01 $8601000-3 <30>Frankfurt, Universitätsbibliothek J. C. Senckenberg, Zentralbibliothek (ZB) $9102598258
201U/01 $0utf8
exp: 4003328 3 2 #EPN
201B/02 $023-04-19 $t19:57:22.000
201C/02 $027-05-04
201U/02 $0utf8
203@/02 $0214724581
208@/02 $a27-05-04 $brCu
209A/02 $aX 43069, Bd. 2 $du $f006 $hX 43069 / B 2 $x00
209C/02 $aDZ 18.662 $hDZ 18 662
209G/02 $a2005334390 $x00
247C/02 $8601006-4 <30/6>Frankfurt, Universitätsbibliothek J. C. Senckenberg, Bibliothek Sozialwissenschaften und Psychologie (BSP) $9313751838
lok: 4003328 8
101B $003-12-02 $t11:38:41.279
101C $016-01-96
144Z/01 $as Curriculum
144Z/02 $as Internationaler Vergleich
101U $0utf8
exp: 4003328 8 1 #EPN
201B/01 $006-11-12 $t17:23:10.000
201C/01 $016-01-96
201U/01 $0utf8
203@/01 $0100285279
208@/01 $a16-01-96 $bz
209A/01 $a/DP 1400 C976-2 $du $f000 $x00
209G/01 $a11744877 $x00
209G/01 $a3. Obergeschoss $x01
247C/01 $8611000-9 <17>Darmstadt, TU Darmstadt, Universitäts- und Landesbibliothek - Stadtmitte $9102595879
lok: 4003328 25
exp: 4003328 25 1 #EPN
201B/01 $025-03-24 $t14:51:42.000
201C/01 $031-01-96
201U/01 $0utf8
203@/01 $010055007X
208@/01 $a31-01-96 $bz
209A/01 $aWiPäd Cc 1 $dd $f018 $hWIPAD CC 1 $x00
209B/01 $a01820 $x05
209C/01 $aW 1749/95 $hW 1749 95
209G/01 $aWiPäd $x01
247C/01 $8651018-8 <77/018>Mainz, Universität Mainz, Bereichsbibliothek Rechts- und Wirtschaftswissenschaften $9102599718
lok: 4003328 78
exp: 4003328 78 1 #EPN
201B/01 $025-11-17 $t22:52:53.000
201U/01 $0utf8
203@/01 $0791681351
208@/01 $a12-11-16 $be
209A/01 $a/ $f000 $x00
220C/01 $aTitelaufnehmer: rk;ra
237A/01 $aZur Tschechischen Republik: E. Walterová (109-274). - weiterführende Signatur(en): UB Marburg: Se 94/397,2
244Z/01 $#Tschechien $#Tschechische Republik $#Tschechische Republik $#Tschechenland $#Tschechei Tschechien $#Česká Republika $#Czech Republic $#ČR $74303381-7 $8--Tg1--Tschechien $x01 $9086659812
244Z/01 $2Trx $#Böhmen $#Bohemia $#Czechy $8--Trx--Čechy $x02 $9391188941
244Z/01 $aGeschichte 1948-1991 $x03
244Z/01 $2Trx $#kooli olemus $#švietimas $#School system $#oktatás $#szkolnictwo $#školstvo $#školství $8--Trx--Schulwesen $x04 $9391362038
244Z/01 $2Trx $#hariduse olemus $#švietimas $#Educational systems $#oktatásügy $#oświata $#vzdelanosť $#vzdělanost $#edukacja $8--Trx--Bildungswesen $x05 $9391360221
244Z/01 $2Trx $8--Trx--Monographie $x06 $9391384546
245Z/01 $a11.04 $x01
247C/01 $82080>Marburg/Lahn, Herder-Institut, Forschungsbibliothek, Bibliographieportal $9336309341
lok: 4003328 205
exp: 4003328 205 1 #EPN
201B/01 $009-03-06 $t00:46:15.000
201C/01 $031-10-95
203@/01 $0090106679
208@/01 $a31-10-95 $bz
209A/01 $aSe 94/397, 2 $du $f000 $x00
209C/01 $a1995/404-Se $h1995 404 SE
209G/01 $a25610610 $x00
247C/01 $8351000-1 <4>Marburg, Universität Marburg, Universitätsbibliothek $9102594767
201U/01 $0utf8
| LEADER | 00000cam a2200000 cc4500 | ||
|---|---|---|---|
| 001 | 040033287 | ||
| 003 | DE-603 | ||
| 005 | 20210509203848.0 | ||
| 007 | tu | ||
| 008 | 951027s1995 xx |||| | u00||u|ger c | ||
| 020 | |a 3412136948 | ||
| 035 | |a (DE-599)HEB040033287 | ||
| 035 | |a (OCoLC)612966052 | ||
| 040 | |a DE-603 |b ger |c DE-603 |d DE-603 | ||
| 041 | |a ger | ||
| 082 | 0 | 4 | |8 1\u |a 370.94371 |q DE-101 |2 23/BSB |
| 084 | |a DP 1400 |0 (DE-625)19789:761 |0 (DE-603)407700803 |2 rvk | ||
| 084 | |a DP 1409 |0 (DE-625)19789:770 |0 (DE-603)407700897 |2 rvk | ||
| 084 | |a DV 2640 |0 (DE-625)20186: |0 (DE-603)407720618 |2 rvk | ||
| 084 | |a DV 2830 |0 (DE-625)20224: |0 (DE-603)407720995 |2 rvk | ||
| 085 | |8 1\u |b 370.9 | ||
| 085 | |8 1\u |z 2 |s 4371 | ||
| 245 | 0 | 0 | |a Curricula in der Schule |n 2 |p Polen, Tschechische Republik / Heliodor Muszyński ; Elis̆ka Walterová |c Wolfgang Mitter (Hrsg.) |
| 264 | 1 | |a Köln [u.a.] |b Böhlau |c 1995 | |
| 300 | |a IX, 274 S. |b graph. Darst. | ||
| 490 | 1 | |a Studien und Dokumentationen zur vergleichenden Bildungsforschung |v 58,2 | |
| 504 | |a Literaturverz. S. 261 - 265 | ||
| 700 | 1 | |a Muszyński, Heliodor |0 (DE-603)138815275 | |
| 700 | 1 | |a Walterová, Eliška |0 (DE-603)148221440 | |
| 773 | 0 | 8 | |q 12 |w (DE-603)029713994 |
| 787 | 0 | 8 | |i Rezensiert in |a Steier-Jordan, Sonja |t Curricula in der Schule ; 2 . - Köln [u.a.] : Böhlau. - 1995 [Rezension] |w (DE-603)394728335 |
| 830 | 0 | |t Studien und Dokumentationen zur vergleichenden Bildungsforschung |v 58,2 |w (DE-603)009797181 |w (DE-600)538333-X |9 258 2 |7 as | |
| 856 | 4 | 2 | |m V:DE-603;B:DE-17 |q application/pdf |u http://scans.hebis.de/HEBCGI/show.pl?04003328_toc.pdf |3 Inhaltsverzeichnis |
| 924 | 0 | |9 30 |a (DE-603)090088336 |b DE-30 |c HES |d c |g 85.466.70 Bd. 2 | |
| 924 | 0 | |9 30/6 |a (DE-603)214724581 |b DE-30-6 |c HES |d d |g X 43069, Bd. 2 | |
| 924 | 0 | |9 17 |a (DE-603)100285279 |b DE-17 |c HES |d c |g /DP 1400 C976-2 |h 3. Obergeschoss | |
| 924 | 0 | |9 77/018 |a (DE-603)10055007X |b DE-77-018 |c HES |d d |g WiPäd Cc 1 | |
| 924 | 0 | |9 2080 |a (DE-603)791681351 |b DE-2080 |c HES |d d |g / | |
| 924 | 0 | |9 4 |a (DE-603)090106679 |b DE-4 |c HES |d c |g Se 94/397, 2 | |
alle Bände anzeigen

